=LDR 00000nam 2200000 4500 =001 INLIS000000000024358 =005 20130612122942 =008 ***********************************Ind** =035 ##$$a0010-061300000024358 =041 ##$$a Ind =082 ##$$a 808.301 =090 ##$$a 808.301, Sum k =100 ##$$a Sumanto, Bakdi =245 ##$$a Doktor Plimin, Kumpulan Cerpen, Bakdi Soemanto =260 ##$$a 2002 $b Jakarta =300 ##$$a 99 hlm, 22 cm =650 ##$$a Cerpen =850 ##$$a NBPNMAT =990 ##$$a 93747/BPAP-NTB/2014 =990 ##$$a 21400613/BPAP-NTB/20142014